000 00411nam a22001337a 4500
008 211129b |||||||| |||| 00| 0 eng d
020 _a9352501205
050 _aRT98
_b.B37 2016b c.1
100 _aBasavanthappa, BT
245 _aPractice Workbook of Community Health Nursing for BSc and PB BSc Nursing Students
_cBT Basanthappa
260 _aNew Delhi
_bJaypee
_c2016
300 _ax, 226p.
942 _2lcc
_cBK
999 _c19155
_d19154